El derecho de la libertad: esbozo de una eticidad democrática

Збережено в:
Бібліографічні деталі
Автор: Honneth, Axel (Автор)
Формат: Книга
Мова:Іспанська
Опубліковано: Madrid Katz Editores 2014
Редагування:1a. ed
Серія:Ensayos
Предмети:
Теги: Додати тег
Немає тегів, Будьте першим, хто поставить тег для цього запису!

MARC

LEADER 00000cam a2200000 a 4500
001 UCE2462
003 CL-VaPUC
008 140703e20140000sp |||||||||||||||||spa|d
020 |a 9788415917052 
082 0 4 |a 340.1  |b HON  |2 21 
100 |a Honneth, Axel  |e author  |9 581817 
245 1 3 |a El derecho de la libertad: esbozo de una eticidad democrática 
250 |a 1a. ed 
300 |a 446 p 
942 |c BK 
945 |d 20140703 14:09:00  |a dcastane 
260 |a Madrid  |b Katz Editores  |c 2014 
650 0 |a Ensayos filosóficos  |9 318909 
650 0 |a Libertad  |9 255686 
650 0 |a Filosofía del derecho   |9 255050 
583 |a last modification  |c 20140703 14:09:00  |k Rodrigo Vera 
490 0 |a Ensayos 
999 |c 356062  |d 356060 
952 |0 0  |1 0  |3 erb  |4 0  |6 340_100000000000000_HON_2014  |7 0  |8 A  |9 463139  |a BIBDER  |b BIBDER  |i 508802K  |l 1  |o 340.1 HON 2014  |p 508802K  |r 2023-01-25  |s 2020-03-13  |w 2019-11-23  |y BK  |z Catalogado en:20140703  |k DER